00465nam a2200169Ia 450000500170000000800410001702000150005808200130007310000140008624500230010026000340012330000120015750000100016994200060017995200950018599900150028020250319012603.0240331s9999 xx 000 0 und d a0140284729 bLOKa823 aLokuge, C 0aIf the moon smiled aNew YorkbPenguin Booksc2000 a224 p., anovel cL 001040708LaWERCLbWERCLcSSCd2024-03-31l0o 823 LOKp4636r2024-03-31w2024-03-31yL c4423d4423